00698nam a2200241 a 4500001001300000003000900013005001700022008004100039020001300080082001600093100001900109245005400128260003300182300000900215500003500224505001700259650002200276700001900298902000800317942000700325952010900332999001500441nice12345678IN_TiNIC20260116012810.0050524s1984 newa grp 000 0 eng  ac438.5500a297.63bCRA aCragg, Kenneth aMuhammad and the Christianb Question of Response aNew YorkbOrbis Books c1984 a180p aincludes index and biblioraphy2 aBibliography aMuhammad, Prophet1 aCragg, Kenneth bSRS cBK 00104070aHMIbHMId2007-07-09g438.55l2o297.63 CRAp012004r2019-03-05s2019-02-13w2026-01-16yEB c8417d8417